| 000 | 00621nam a2200193Ia 4500 | ||
|---|---|---|---|
| 003 | GCL | ||
| 008 | 140319s9999 xx 000 0 ara d | ||
| 040 |
_aGCL / _cGCL |
||
| 082 | 0 | 4 |
_a301.412 _bس م |
| 100 | 1 | _aسلامة موسى | |
| 245 | 1 | 0 |
_aالمرأة ليست لعبة الرجل / _cسلامة موسى |
| 300 | _a111 ص | ||
| 490 |
_aالهيئة العامة للاستعلامات _v0 |
||
| 650 | 0 | 4 | _aالمرأة فى الحياة العامة |
| 650 | 0 | 4 | _aالمرأة العاملة |
| 650 | 0 | 4 | _aالاجتماع، علم |
| 650 | 0 | 4 | _aالمرأة - رعاية اجتماعية |
| 942 |
_2ddc _cBK |
||
| 999 |
_c46899 _d46899 |
||